000 00311nam a22001337a 4500
008 171201b xxu||||| |||| 00| 0 eng d
020 _a9780534216184
041 _aeng
080 _a159.9
100 _a48
101 _aPSI
245 _aTHEORIES OF PSYCHOTHERAPY AND COUNSELING
_cSHARF,R.S
942 _2udc
_cBK
999 _c38716
_d38716